Statistics for Modern Day Countries of Rashidun Caliphate on Map

Click here to take the quiz!

General Stats

  • This quiz has been taken 614 times
  • The average score is 24 of 24

Answers on the Map

Answers color-coded by a green-red scale on the quiz's map according to % correct below.
 

Answer Stats

Country% Correct
Egypt
99%
Iran
99%
Iraq
99%
Israel
99%
Oman
99%
Saudi Arabia
99%
Syria
99%
Turkey
99%
Yemen
99%
Afghanistan
98%
Armenia
98%
Cyprus
98%
Georgia
98%
Jordan
98%
Kuwait
98%
Lebanon
98%
Libya
98%
Pakistan
98%
Qatar
98%
United Arab Emirates
98%
Azerbaijan
97%
Turkmenistan
97%
Bahrain
96%
Russia
96%

Score Distribution

Percentile by Number Answered

Percent of People with Each Score

Your Score History

You have not taken this quiz